Chemical Engineering Transactions Vol. 39 Proceedings of 17th Conference on Process Integration, Moddeling and Optimization for Energy Saving and Pollution Reduction, 23-27 August 2014, Prague, Czech Republic

Salvato in:
Dettagli Bibliografici
Altri autori: Varbanov, P.S (Redattore), Klemeš, Jiří Jaromír (Redattore), Peng, Zen Liew (Redattore), Yong, Jun Yow (Redattore)
Natura: Libro
Lingua:inglese
Pubblicazione: Milano, Praha AIDIC Servizi S.r.l.,ČSCHI 2014
Accesso online:Visualizza in OPAC
Tags: Aggiungi Tag
Nessun Tag, puoi essere il primo ad aggiungerne!!

MARC

LEADER 00000nam a2200000 a 4500
005 20260127134038.0
008 140904 2014 000 0 eng d
020 |a 9788895608303 
035 |a vtls010617735 
039 9 |a 201409041222  |b mschk03  |y 201409041220  |z mschk03 
040 |a STUSCHK1  |b slo  |c STUSCHK1  |e AACR2 
245 1 |a Chemical Engineering Transactions Vol. 39  |b Proceedings of 17th Conference on Process Integration, Moddeling and Optimization for Energy Saving and Pollution Reduction, 23-27 August 2014, Prague, Czech Republic  |c Sauro Pierucci a Jiří J.Klemeš, edts.in Chief 
260 |a Milano, Praha  |b AIDIC Servizi S.r.l.,ČSCHI  |c 2014 
300 |a 1020 s.  |b il.  |c 30 cm 
500 |a ISSN 2283-9216 
700 1 |a Varbanov, P.S.  |4 edt 
700 1 |a Klemeš, Jiří Jaromír  |4 edt 
700 1 |a Peng, Zen Liew  |4 edt 
700 1 |a Yong, Jun Yow  |4 edt 
910 |a SCHK95 
919 |a 978-88-95608-30-3 
999 |c 2804  |d 2804